000 00300nam a2200121Ia 4500
008 220216s9999 xx 000 0 und d
100 _aSoman T.A.
245 0 _aNaveena nadeel reethiyil chakirichorinte pradhanyam
260 _bRubber
_c2009
300 _a21
700 _aVarghese Y.A.
942 _cBS
999 _c51934
_d51934